Zsidó folklór tanulmányok

Elmentve itt :
Bibliográfiai részletek
Szerzők: Löw Immánuel
Barna Gábor
Glässer Norbert
Zima András
Hrotkó Larissza
Dokumentumtípus: Könyv
Megjelent: SZTE Néprajzi és Kulturális Antropológiai Tanszék Szeged 2014
Sorozat:Szegedi vallási néprajzi könyvtár 33
mtmt:2490295
Online Access:http://publicatio.bibl.u-szeged.hu/4148
LEADER 00785nam a2200229 i 4500
001 publ4148
005 20250403132138.0
008 140207s2014 hu o 000 hun d
020 |a 978-963-306-231-9 
024 7 |a 2490295  |2 mtmt 
040 |a SZTE Publicatio Repozitórium  |b hun 
041 |a hun 
100 1 |a Löw Immánuel 
245 1 0 |a Zsidó folklór tanulmányok  |h [elektronikus dokumentum] /  |c  Löw Immánuel 
260 |a SZTE Néprajzi és Kulturális Antropológiai Tanszék  |b Szeged  |c 2014 
300 |a 171 
490 0 |a Szegedi vallási néprajzi könyvtár  |v 33 
700 0 1 |a Barna Gábor  |e aut 
700 0 1 |a Glässer Norbert  |e aut 
700 0 1 |a Zima András  |e aut 
700 0 1 |a Hrotkó Larissza  |e aut 
856 4 0 |u http://publicatio.bibl.u-szeged.hu/4148/1/2490295.pdf  |z Dokumentum-elérés